Strafrechtsentwicklung in Europa
Сохранить в:
| Главные авторы: | , |
|---|---|
| Формат: | |
| Язык: | немецкий |
| Опубликовано: |
Friburgo de Brisgovia
Iuscrim
1997
|
| Серии: | Beiträge und Materialien aus dem Mx-Plack-Institut für ausländisches und internationales Strafrecht, Freiburg, 62-1
|
| Предметы: | |
| Метки: |
Добавить метку
Нет меток, Требуется 1-ая метка записи!
|
MARC
| LEADER | 00000nam a2200000 a 4500 | ||
|---|---|---|---|
| 001 | UCR6862 | ||
| 003 | CL-VaPUC | ||
| 008 | 980424e19970000GW |||||||||||||||||ger|d | ||
| 020 | |a 3861139650t.5 v.1 | ||
| 082 | 0 | 4 | |a 345 |b ESE |2 21 |
| 100 | 0 | |a Eser, Albin |e author |9 408050 | |
| 700 | 0 | |a Huber, Bárbara |e author |9 408051 | |
| 245 | 1 | 0 | |a Strafrechtsentwicklung in Europa |
| 246 | 1 | 0 | |a Landesberichte 1993-1996 übur Gesetzgebung, Rechtsprechung und Literatur |
| 300 | |a v | ||
| 942 | |c BK | ||
| 945 | |d 19980424 00:00:00 |a rbrito | ||
| 260 | |a Friburgo de Brisgovia |b Iuscrim |c 1997 | ||
| 650 | 7 | |a DERECHO PENAL |2 CL-VaPUC |9 11 | |
| 651 | 0 | |a Europa |9 255156 | |
| 583 | |a last modification |c 19980424 00:00:00 |k Rodrigo Vera | ||
| 490 | 0 | |a Beiträge und Materialien aus dem Mx-Plack-Institut für ausländisches und internationales Strafrecht, Freiburg, 62-1 | |
| 999 | |c 268767 |d 268765 | ||
| 952 | |0 0 |1 0 |4 0 |6 345_000000000000000_ESE_1997 |7 0 |8 A |9 302087 |a BIBDER |b BIBDER |d 2019-11-20 |h t.5 v.1 |i 3418286 |o 345 ESE 1997 |p 3418286 |r 2023-01-25 |w 2019-11-20 |y BK |k DER | ||